<?xml version="1.0" encoding="UTF-8"?>
<record
    xmlns:xsi="http://www.w3.org/2001/XMLSchema-instance"
    xsi:schemaLocation="http://www.loc.gov/MARC21/slim http://www.loc.gov/standards/marcxml/schema/MARC21slim.xsd"
    xmlns="http://www.loc.gov/MARC21/slim">

  <leader>00925nam1a22002651i 4500</leader>
  <controlfield tag="001">v19\rc\1834655</controlfield>
  <controlfield tag="005">20240726092559.0</controlfield>
  <datafield tag="035" ind1=" " ind2=" ">
    <subfield code="a">(NLR Aleph) 005254228</subfield>
  </datafield>
  <datafield tag="090" ind1=" " ind2=" ">
    <subfield code="a">5835117</subfield>
    <subfield code="c">5835117</subfield>
  </datafield>
  <datafield tag="100" ind1=" " ind2=" ">
    <subfield code="a">20071224d1908    |||y0rusy50      ca</subfield>
  </datafield>
  <datafield tag="101" ind1="1" ind2=" ">
    <subfield code="a">rus</subfield>
    <subfield code="c">ger</subfield>
  </datafield>
  <datafield tag="102" ind1=" " ind2=" ">
    <subfield code="a">RU</subfield>
  </datafield>
  <datafield tag="105" ind1=" " ind2=" ">
    <subfield code="a">    z   |||||</subfield>
  </datafield>
  <datafield tag="200" ind1="1" ind2=" ">
    <subfield code="a">&#x418;&#x441;&#x442;&#x43E;&#x440;&#x438;&#x447;&#x435;&#x441;&#x43A;&#x430;&#x44F; &#x444;&#x438;&#x437;&#x438;&#x43A;&#x430;</subfield>
    <subfield code="f">&#x41F;. &#x41B;&#x430;&#x43A;&#x443;&#x440; &#x438; &#x42F;. &#x410;&#x43F;&#x43F;&#x435;&#x43B;&#x44C;</subfield>
    <subfield code="g">&#x41F;&#x435;&#x440;. &#x441; &#x43D;&#x435;&#x43C;. &#x43F;&#x43E;&#x434; &#x440;&#x435;&#x434;. "&#x412;&#x435;&#x441;&#x442;&#x43D;. &#x43E;&#x43F;&#x44B;&#x442;. &#x444;&#x438;&#x437;&#x438;&#x43A;&#x438; &#x438; &#x44D;&#x43B;&#x435;&#x43C;&#x435;&#x43D;&#x442;&#x430;&#x440;. &#x43C;&#x430;&#x442;&#x435;&#x43C;&#x430;&#x442;&#x438;&#x43A;&#x438;". [&#x422;. 1-2]</subfield>
  </datafield>
  <datafield tag="210" ind1=" " ind2=" ">
    <subfield code="a">&#x41E;&#x434;&#x435;&#x441;&#x441;&#x430;</subfield>
    <subfield code="c">Mathesis</subfield>
    <subfield code="d">1908</subfield>
  </datafield>
  <datafield tag="215" ind1=" " ind2=" ">
    <subfield code="a">2 &#x442;.</subfield>
    <subfield code="d">27</subfield>
  </datafield>
  <datafield tag="700" ind1=" " ind2="1">
    <subfield code="a">&#x41B;&#x430;&#x43A;&#x443;&#x440;</subfield>
    <subfield code="b">&#x41F;.</subfield>
    <subfield code="f">1832-1891</subfield>
    <subfield code="g">&#x41F;&#x43E;&#x43B;&#x44C;</subfield>
  </datafield>
  <datafield tag="701" ind1=" " ind2="1">
    <subfield code="a">&#x410;&#x43F;&#x43F;&#x435;&#x43B;&#x44C;</subfield>
    <subfield code="b">&#x42F;.</subfield>
    <subfield code="g">&#x42F;&#x43A;&#x43E;&#x431;</subfield>
  </datafield>
  <datafield tag="801" ind1=" " ind2="0">
    <subfield code="a">RU</subfield>
    <subfield code="b">NLR</subfield>
    <subfield code="c">20071224</subfield>
    <subfield code="g">psbo</subfield>
  </datafield>
  <datafield tag="801" ind1=" " ind2="0">
    <subfield code="a">RU</subfield>
    <subfield code="b">RuMoRGB</subfield>
    <subfield code="c">20071224</subfield>
    <subfield code="2">psbo</subfield>
  </datafield>
  <datafield tag="801" ind1=" " ind2="1">
    <subfield code="a">RU</subfield>
    <subfield code="b">ProSoft-M</subfield>
    <subfield code="c">20071224</subfield>
    <subfield code="2">rusmarc</subfield>
  </datafield>
  <datafield tag="801" ind1=" " ind2="2">
    <subfield code="a">RU</subfield>
    <subfield code="b">NLR</subfield>
    <subfield code="c">20080324</subfield>
    <subfield code="2">rusmarc</subfield>
  </datafield>
  <datafield tag="852" ind1=" " ind2=" ">
    <subfield code="a">NLR</subfield>
    <subfield code="j">37.42.3.28</subfield>
  </datafield>
  <datafield tag="852" ind1=" " ind2=" ">
    <subfield code="a">NLR</subfield>
    <subfield code="j">52/131</subfield>
  </datafield>
  <datafield tag="942" ind1=" " ind2=" ">
    <subfield code="c">BOOK</subfield>
  </datafield>
</record>
